| Tag |
First Indicator |
Second Indicator |
Subfields |
| LEADER |
00000cam a2200000 4500 |
| 001 |
in00003881963 |
| 005 |
20190415193220.0 |
| 006 |
m o d |
| 007 |
cr |n||||||||n |
| 008 |
840420s1786 xxu|||| o 00| | ger c |
| 035 |
|
|
|a (CU-RivES)W4895
|
| 035 |
|
|
|a (Uk-ES)006446493
|
| 035 |
|
|
|a (OCoLC)510904626
|
| 040 |
|
|
|a MWA
|c MWA
|d Uk-ES
|d CStRLIN
|d Cengage Gale
|d UtOrBLW
|
| 050 |
|
4 |
|a Z1215
|b .D474 1786
|
| 245 |
0 |
4 |
|a Der Hoch-deutsche americanische Calender :
|b auf das Jahr 1787. ... Eingerichtet vor 40 Grad Norder-Breite, sonderlich vor Pennsylvanien; jedoch in denen angrentzenden Landen ohne mercklichen Unterschied zu gebrauchen. Zum Drittenmal heraus gegeben.
|
| 264 |
|
1 |
|a Germantaun [Pa.] :
|b Gedruckt und zu finden bey Leibert und Billmeyer. Auch können die auswar̈rtigen Krämer solche bekommen, in Philadelphia, bey Mr. Reinhold und Daniel Bräutigam; in Lancäster, bey Mr. Lauman; in Yorcktaun bey Mr. Billmeyer, in Hanover Städtlein bey Mr. Neuman u. Mr. Metzger. In Kutztaun bey M. Jacob Herman. In Reading bey M. Hahn. In Baltimor bey M. Kimmel. In Neu Germanton bey Mr. Henrich. Müller, in Neuyork bey Mr. Fischer und andern,
|c [1786]
|
| 300 |
|
|
|a 1 online resource (40 unnumbered pages) :
|b illustrations ;
|
| 336 |
|
|
|a text
|b txt
|2 rdacontent
|
| 337 |
|
|
|a computer
|b c
|2 rdamedia
|
| 338 |
|
|
|a online resource
|b cr
|2 rdacarrier
|
| 500 |
|
|
|a Advertisement for books printed and for sale by the publishers, pages [31].
|
| 509 |
|
|
|a Signatures: [A]⁴ B-E⁴
|
| 510 |
4 |
|
|a Evans,
|c 19715
|
| 510 |
4 |
|
|a Drake, M. Almanacs,
|c 10214
|
| 510 |
4 |
|
|a English Short Title Catalog,
|c W4895.
|
| 500 |
|
|
|a Reproduction of original from Library of Congress.
|
| 500 |
|
|
|a Electronic resource.
|
| 655 |
|
7 |
|a Electronic books.
|2 local
|
| 655 |
|
7 |
|a Almanacs.
|2 rbgenr
|
| 655 |
|
7 |
|a Almanacs
|z Pennsylvania
|y 1787.
|2 rbgenr
|
| 655 |
|
7 |
|a Booksellers' advertisements
|z Pennsylvania
|z Germantown.
|2 rbgenr
|
| 700 |
1 |
|
|a Leibert, Peter,
|d 1727-1812,
|e printer.
|0 http://id.loc.gov/authorities/names/n88140100
|
| 700 |
1 |
|
|a Billmeyer, Michael,
|d 1752-1837,
|e printer.
|0 http://id.loc.gov/authorities/names/n85009113
|
| 710 |
2 |
|
|a Gale (Firm)
|0 http://id.loc.gov/authorities/names/no2008071348
|
| 752 |
|
|
|a United States
|b Pennsylvania
|d Germantown.
|
| 856 |
4 |
0 |
|u http://proxy.library.tamu.edu/login?url=http://find.galegroup.com/ecco/infomark.do?contentSet=ECCOArticles&docType=ECCOArticles&bookId=1487302400&type=getFullCitation&tabID=T001&prodId=ECCO&docLevel=TEXT_GRAPHICS&version=1.0&source=library&userGroupName=txshracd2898
|z Connect to the full text of this electronic book
|t 0
|
| 999 |
f |
f |
|s 2746e02b-1fb3-370b-a179-ee05f2acfdb3
|i 5f8a7c9a-c8a2-33e3-b93a-d2773a3f64ef
|t 0
|
| 952 |
f |
f |
|a Texas A&M University
|b College Station
|c Electronic Resources
|d Available Online
|t 0
|e Z1215 .D474 1786
|h Library of Congress classification
|
| 998 |
f |
f |
|a Z1215 .D474 1786
|t 0
|l Available Online
|